|
|
|
|
| LEADER |
01328nam a2200313 a 4500 |
| 001 |
202 |
| 003 |
BD-DhAAL |
| 005 |
20150701094502.0 |
| 008 |
150701s1992 cau b 001 0 eng |
| 010 |
|
|
|a 92007523
|
| 020 |
|
|
|a 0803944640
|
| 020 |
|
|
|a 0803944659 (pbk.)
|
| 040 |
|
|
|a DLC
|c DLC
|d DLC
|d BD-DhAAL
|
| 050 |
0 |
0 |
|a BF637.C45
|b S76 1992
|
| 082 |
0 |
0 |
|a 306.4/4
|2 20
|
| 100 |
1 |
|
|a Stiles, William B.,
|d 1944-
|9 12708
|
| 245 |
1 |
0 |
|a Describing talk :
|b a taxonomy of verbal response modes /
|c William B. Stiles.
|
| 260 |
|
|
|a Newbury Park :
|b Sage Publications,
|c c1992.
|
| 300 |
|
|
|a x, 238 p. ;
|c 23 cm.
|
| 490 |
1 |
|
|a Sage series in interpersonal communication ;
|v 12
|
| 504 |
|
|
|a Includes bibliographical references (p. 214-224) and indexes.
|
| 541 |
|
|
|e 202
|
| 650 |
|
0 |
|a Interpersonal communication.
|9 8855
|
| 650 |
|
0 |
|a Verbal behavior
|x Classification.
|9 12709
|
| 830 |
|
0 |
|a Sage series in interpersonal communication ;
|v v. 12.
|9 12710
|
| 942 |
|
|
|2 ddc
|c BK
|
| 999 |
|
|
|c 34903
|d 34903
|
| 952 |
|
|
|0 0
|1 0
|2 ddc
|4 0
|6 306_440000000000000_STI
|7 0
|9 54638
|a SCL
|b SCL
|c GEN
|d 2015-07-01
|e Gift: The Asia Foundation
|l 0
|o 306.44 STI
|p 3020000202
|r 2015-07-01
|t 1
|w 2015-07-01
|y BK
|
| 952 |
|
|
|0 0
|1 0
|2 ddc
|4 0
|6 306_440000000000000_STI
|7 0
|9 54639
|a SCL
|b SCL
|c GEN
|d 2015-07-01
|e Gift: The Asia Foundation
|l 0
|o 306.44 STI
|p 3020000201
|r 2015-07-01
|t 2
|w 2015-07-01
|y BK
|